| 000 | 00991nam a2200217Ia 4500 | ||
|---|---|---|---|
| 003 | OSt | ||
| 005 | 20250305100945.0 | ||
| 008 | 210210b1995 xxu||||| |||| 00| 0 eng d | ||
| 040 | _cAL | ||
| 041 | _aKannada | ||
| 082 | _aK894.208 MANE | ||
| 100 |
_aMANOHARA GRANTHAMALEYA BIDIMUTTU. _dಮನೋಹರ ಗ್ರಂಥಮಾಲೆಯ ಬಿಡಿಮುತ್ತು _9204003 |
||
| 245 |
_aElu ekanka natakagalu. _bಏಳು ಏಕಾಂಕ ನಾಟಕಗಳು. |
||
| 260 |
_aDharavada _bManohara Grantha Prakashana Samiti _c1995 |
||
| 300 | _a146 | ||
| 520 | _aಮಹಾ ಮಂಗಳಾರತಿ, ಬರೆದ ಕೈ, ಮಹಾಯೋಗಿ ಋಷಿ, ಮೋಹಿನಿ, ಸಾವಿರ ಕುದುರೆಯ ಸರದಾರ, ನಿಧಿ, ವಿಪರ್ಯಾಸ ವಿನೋದಾ | ||
| 650 |
_aMaha Mangalarati Bareda Kai Mahayogi Rhshi Mohini Savira Kudereya Saradara Nidhi Viparyasa Vinoda _9204004 |
||
| 690 |
_aKannada Drama _9204005 |
||
| 906 | _a049291 | ||
| 942 |
_2ddc _cBK |
||
| 999 |
_c98097 _d98097 |
||